Estadísticas para Países que Comienzan con una Vocal

Haz click aquí para intentar la prueba.

Estadísticas generales

  • Esta prueba ha sido intentada 7.210 veces
  • La puntuación promedio es 29 de 39

Estadísticas de respuestas

LetraRespuesta% Correcto
OOmán
91%
AArgentina
90%
EEspaña
88%
AAlemania
86%
AAustralia
84%
IIrlanda
84%
IIndia
83%
EEstonia
82%
AArmenia
80%
IIndonesia
80%
IIslandia
80%
AAlbania
79%
AAndorra
79%
EEstados Unidos
78%
UUganda
78%
UUruguay
78%
AArgelia
77%
AAustria
77%
AAzerbaiyán
76%
UUzbekistán
76%
AAngola
75%
AAfganistán
74%
IItalia
73%
EEtiopía
72%
EEcuador
71%
IIrak
71%
IIrán
71%
EEritrea
70%
EEslovaquia
68%
EEslovenia
68%
UUcrania
68%
EEgipto
67%
AArabia Saudita
64%
AAntigua y Barbuda
61%
EEl Salvador
60%
EEmiratos Árabes Unidos
60%
IIsrael
60%
IIslas Marshall
55%
IIslas Salomón
53%

Distribución de puntuación

Porcentaje por número respondido

Porcentaje de gente con cada puntuación

Historial de tus puntuaciones

No has intentado esta prueba.